Famous james Quiz Stats

 Plays Quiz not verified by Sporcle

Score 0/14 Timer 05:00
0 Plays Today
clue % Correct
AgentJames Bond
79.1%
Soul and Motown singer (Living in america)James Brown
71.7%
Captain of The Starship EnterpriseJames T. Kirk
70.2%
Actor (Rebal without a cause)James Dean
68.6%
Voice of the dark sideJames Earl Jones
60.5%
The man Voldemort killedJames Potter
57.4%
Explorer (discovered Australia)James Cook
56.6%
clue % Correct
20th President (2nd assasinated)James A. Garfield
47.3%
Actor (The Godfather)James Caan
43.4%
Singer (Back in Bedlam)James Blunt
24.8%
Singer (You give me something)James Morrison
23.3%
Co-producer of The SimpsonsJames L. Brooks
18.6%
Actor (Atonement)James MacAvoy
18.2%
British buisness man (Dragons den)James Kahn
5.8%

You're not logged in!

Compare scores with friends on all Sporcle quizzes.
OR
Log In

You Might Also Like...

Show Comments

Extras

Created Oct 14, 2009ReportNominate
Tags:Famous Quiz, beside, same

Top Quizzes Today


Score Distribution

Your Account Isn't Verified!

In order to create a playlist on Sporcle, you need to verify the email address you used during registration. Go to your Sporcle Settings to finish the process.

Report this User

Report this user for behavior that violates our Community Guidelines.

Details: